000 00265nam a22001217a 4500
041 _aENG
100 _aSharma. J
245 _aOrchids Of India
260 _aDelhi
_bDaya Publishing House
_c1958
300 _a154
650 _aAgricultural
856 _uAgricultural
999 _c542
_d542